000
00245nmm a2200085Ia 4500
008
220120s9999||||xx |||||||||||||||||und||
100
_a
DIGIT-FEB-2009 (DVD)
245
0
_a
Microsoft visual studio, NIN the slip free music albaum, zei
260
_c
2009
999
_c
139268
_d
139268